|
|
|
|
| LEADER |
00000nam a22000007a 4500 |
| 005 |
20141006221751.0 |
| 007 |
cr|||| |||| |
| 008 |
141006s2014 mx |||||s|||| 00||0 spa d |
| 020 |
|
|
|a 978-368-726-800-0
|
| 035 |
|
|
|a 12404
|
| 040 |
|
|
|a vLex
|
| 090 |
|
|
|c 5183
|d 5183
|
| 100 |
1 |
|
|a Romo Garca̕, Jaime
|
| 245 |
1 |
3 |
|a La defensa fiscal y sus principios bs̀icos
|h [Recurso electrn̤ico] /
|c Jaime Romo Garca̕
|
| 256 |
|
|
|a Servicio en ln̕ea
|
| 260 |
|
|
|a Mx̌ico DF:
|b Ediciones Fiscales ISEF,
|c 2014
|
| 300 |
|
|
|a 1 recurso electrn̤ico
|
| 506 |
1 |
|
|a Disponible solo en los productos indicados
|d vLex Global
|d vLex Global (Academic Edition, excluding Law Schools)
|d vLex Global (U.S. Academic Edition, Law Schools)
|d vLex Global (U.S. Academic Edition, excluding Law Schools)
|d vLex Global (Academic Edition, Law Schools)
|
| 650 |
0 |
4 |
|a Derecho Fiscal
|z Mx̌ico
|
| 740 |
0 |
|
|a vLex Libros (Servicio en ln̕ea)
|
| 856 |
4 |
0 |
|u http://vlex.com/source/defensa-fiscal-principios-basicos-12404
|z Acceso restringido
|
| 942 |
|
|
|c BOOK
|
| 999 |
0 |
|
|a Tax Law
|